000
00332nam a2200145Ia 4500
008
150201s1984 xx 000 0 und d
082
_a
612.015
_b
B1984O
100
_a
OTTWAYS
245
_a
BIOCHEMISTRY
250
_a
4TH
260
_b
BAILIERE TINDALL
_a
DELHI
_c
1984
300
_a
1-300
650
_a
BIOCHEMISTRY
942
_2
ddc
_c
BK
999
_c
3239
_d
3239